000 00869nam a2200241Ia 4500
003 OSt
005 20220923225424.0
006 a|||||r|||| 00| 0
007 ta
008 220922b |||||||| |||| 00| 0 hin d
024 _a267,598
037 _cTextual
040 _aARTS
_cARTS
_bhin
041 _2hin
_ahin
082 _aR85vL, 152L8
100 _aअग्रवाल, ब्रम्हा स्वरूप
245 0 _aपाश्चात्य दर्शन
_b एक समस्यात्मक अध्ययन
246 _aPāshchātya darshana: ek samasyātmak adhyayana
260 _aलखनऊ
_b ठाकुर प्रसाद सिंह
_c1978
300 _a301पृ.
_ccm.
942 _hR85vL, 152L8
_cTEXL
_2CC
999 _c378198
_d378198